| 000 | 00475nam a2200157Ia 4500 | ||
|---|---|---|---|
| 008 | 230907s9999||||xx |||||||||||||| ||und|| | ||
| 082 |
_a621.3 _bSHE |
||
| 100 |
_aShehzar Shahzad Sheikh (00000204738) _9116443 |
||
| 245 | 0 | _aBattery health monitoring using machine learning / | |
| 260 |
_aUSPCAS-E, NUST, _bIslamabad : _c2019 |
||
| 300 | _a70 p. | ||
| 520 | _aTH-145 | ||
| 650 | _aMS-EEP Thesis MS Thesis | ||
| 700 |
_aDr Hassan Abdullah Khalid _928912 |
||
| 942 |
_cTHE _2ddc |
||
| 999 |
_c601824 _d601824 |
||